<?xml version="1.0" encoding="UTF-8"?><?xml-stylesheet type="text/xsl" href="static/style.xsl"?><OAI-PMH xmlns="http://www.openarchives.org/OAI/2.0/" xmlns:xsi="http://www.w3.org/2001/XMLSchema-instance" xsi:schemaLocation="http://www.openarchives.org/OAI/2.0/ http://www.openarchives.org/OAI/2.0/OAI-PMH.xsd"><responseDate>2026-04-17T07:39:58Z</responseDate><request verb="GetRecord" identifier="oai:www.recercat.cat:2117/418076" metadataPrefix="marc">https://recercat.cat/oai/request</request><GetRecord><record><header><identifier>oai:recercat.cat:2117/418076</identifier><datestamp>2026-01-02T22:26:17Z</datestamp><setSpec>com_2072_1033</setSpec><setSpec>col_2072_452951</setSpec></header><metadata><record xmlns="http://www.loc.gov/MARC21/slim" xmlns:dcterms="http://purl.org/dc/terms/" xmlns:xsi="http://www.w3.org/2001/XMLSchema-instance" xmlns:doc="http://www.lyncode.com/xoai" xsi:schemaLocation="http://www.loc.gov/MARC21/slim http://www.loc.gov/standards/marcxml/schema/MARC21slim.xsd">
   <leader>00925njm 22002777a 4500</leader>
   <datafield ind2=" " ind1=" " tag="042">
      <subfield code="a">dc</subfield>
   </datafield>
   <datafield ind2=" " ind1=" " tag="720">
      <subfield code="a">García Cantón, Sergi</subfield>
      <subfield code="e">author</subfield>
   </datafield>
   <datafield ind2=" " ind1=" " tag="260">
      <subfield code="c">2024-10-24</subfield>
   </datafield>
   <datafield ind2=" " ind1=" " tag="520">
      <subfield code="a">This Master Thesis addresses the routing and scheduling assignment problem of Time Sensitive Networks (TSN), a set of standards that IEEE defined to provide low-latency reliable communications over Ethernet networks. The proposed solutions have been based on Deep Reinforcement Learning (DRL), a subset of Machine Learning that is very powerful in solving complex sequential decision-making problems. This work is part of the 6GSMART-EZ project, which aims to develop the integration of 5G and TSN networks, so one of the proposed solutions complies with this integration scenario. First, some literature research is conducted to identify the problem to solve and be able to propose adequate solutions. Second, a centralised approach of DRL models has been implemented and tested on a simulated isolated private TSN network to support simple deployments that do not require any integration with 5G networks. Third, a distributed approach with an agent at each side of the 5G network has also been implemented. This approach proposed a network topology with two TSN networks integrated with a 5G network by creating two interconnection points.</subfield>
   </datafield>
   <datafield tag="653" ind2=" " ind1=" ">
      <subfield code="a">Àrees temàtiques de la UPC::Enginyeria de la telecomunicació</subfield>
   </datafield>
   <datafield tag="653" ind2=" " ind1=" ">
      <subfield code="a">Time Sensitive Networking (TSN)</subfield>
   </datafield>
   <datafield tag="653" ind2=" " ind1=" ">
      <subfield code="a">Synchronous networks</subfield>
   </datafield>
   <datafield tag="653" ind2=" " ind1=" ">
      <subfield code="a">Machine Learning (ML)</subfield>
   </datafield>
   <datafield tag="653" ind2=" " ind1=" ">
      <subfield code="a">Deep Learning (DL)</subfield>
   </datafield>
   <datafield ind2="0" ind1="0" tag="245">
      <subfield code="a">DRL-based automation of Time Sensitive Networks (TSN)</subfield>
   </datafield>
</record></metadata></record></GetRecord></OAI-PMH>